| 000 | 00634cam a2200253 4500 | ||
|---|---|---|---|
| 001 | J103368 | ||
| 008 | 000000n1999 000 0 eng u | ||
| 035 | _a(Sirsi) u103368 | ||
| 050 | _a690 | ||
| 110 | _aBuilding Research Establishment | ||
| 245 | _aBuilding in winter | ||
| 260 |
_aWatford _bCRC Ltd. _c1999 |
||
| 300 | _a6p. ; 30cm. | ||
| 490 |
_aGood Building Guide _v34 |
||
| 650 | _aWEATHER | ||
| 650 | _aSITE CONDITIONS | ||
| 650 | _aBUILDING SITES | ||
| 650 | _aWEATHER FORECASTS | ||
| 650 | _aWINTER WORKING | ||
| 650 | _aFROST DAMAGE | ||
| 650 | _aWIND DAMAGE | ||
| 690 | _aBUILT ENVIRONMENT | ||
| 942 | _n0 | ||
| 999 |
_c100121 _d100121 |
||